LEADER 01412nam a2200265 i 4500 001 000000123234 003 CaOOAMICUS 005 20040217000000.0 008 040217s1985 it u000 u ita u 013 $a95930 040 $aSeMil$bita 245 10$aArtisti del legno :$bla scultura in Valsesia dal 15. al 18. secolo /$ca cura di Giovanni Testori e Stefania Stefani Perrone. 260 $a[Borgosesia] :$bSocietà per la conservazione delle opere d'arte e dei monumenti in Valsesia,$cstampa 1985. 260 $aBorgosesia :$bValsesia,$cstampa 1985. 300 $a331 p. :$briccamente ill. ;$c29 cm. 500 $aContiene : Bibliografia. - In testa al front. : Artisti valsesiani. - Sul dorso della copertina : 3. - Fondo Card. C.M. Martini. 700 1 $aStefani Perrone, Stefania.$0(OLS)http://semarc/name/51204 700 1 $aTestori, Giovanni,$d<1923-1993>.$0(OLS)http://semarc/name/6487 850 $aSeMil 852 $aSeMil$W1$xVenegono$y1$m5H VII 26$j77990$B77990$CSeMilBibl$Z2$F80146 $81 941 1 $a4 961 $aOmaggio: Martini Card. Carlo Maria 996 $6245$aArtisti del legno :$bla scultura in Valsesia dal 15. al 18. secolo$9(OLS)http://semarc/title/181310 996 $6260$aBorgosesia :$bValsesia$9(OLS)http://semarc/publisher/41993 996 $6260$a[Borgosesia] :$bSocietà per la conservazione delle opere d'arte e dei monumenti in Valsesia$9(OLS)http://semarc/publisher/46227 LEADER 00593naa a2200145 i 4500 001 000000307322 003 CaOOAMICUS 005 20180831172914.0 008 180831n it u000 u ita u 013 $a16025 040 $aSeMil$bita 100 1 $aGruppo di Lavoro.$0(OLS)http://semarc/name/87797 245 13$aIl progetto di ricerca-formazione e uno sguardo complessivo ai dati. 773 0 $tSogni da prete.$dBologna : EDB, 2009.$kOggi e domani. Serie 2$z978-88-10-14053-6$gp.31-60$w()183776 996 $6245$aIl progetto di ricerca-formazione e uno sguardo complessivo ai dati$9(OLS)http://semarc/title/382697